Quizzes
Events
Quiz Creation
Community
Videos
Private Events
Remove Ads
Sign In
Join for FREE
Feedback
Dark Mode
Quiz Categories
Sports
Geography
Music
Movies
Television
Just For Fun
Miscellaneous
History
Literature
Language
Science
Gaming
Entertainment
Religion
Holiday
For Kids
Quiz Lab
Recent
Popular Today
Quiz Kudos Today
Editor Picks
Curator Picks
Quizzes by...
Day
Popularity
Type
Ratings
Length
Year
Community
Subscriptions
Recent Discussions
Orange Saloon
Badges
Playlists
Quests
Create
Leaderboards
Showdown
Live 5
Trivia Bingo
Activity
Puzzle Library
Sporcle Events
Private Events
Virtual Trivia
Globe League
Become a Host
Pub Owners
SporcleCon
Opinionation
Our Games
Videos
Blog
Mobile Apps
Partnerships
Remove Ads and Go Orange
Feedback
Just For Fun
Clickable
Get the Picture
Humor
Quick Pick
Word Ladder
Missing Word
Mixed Word
Blitz
Minefield
This or That
Alphabet
Color
Typing
Sporcle
Puzzle
Word Play
Follow That Line
Logic
Just For Fun
Clickable
Get the Picture
Humor
Quick Pick
Word Ladder
Missing Word
Mixed Word
Blitz
Minefield
This or That
Alphabet
Color
Typing
Sporcle
Puzzle
Word Play
Follow That Line
Logic
Random Quiz
Search Sporcle
×
Quiz Lab
Quiz Lab
Just For Fun
Famous
Type in answers that appear in a list
Type in answers that appear in a list
Classic
Best Score? Go Orange.
Famous Tensomes Stats
Can you name the famous tensomes?
By
Jman14
5m
100 Questions
1,491 Plays
1,491 Plays
1,491 Plays
Comments
Comments
Give Quiz Kudos
Give Quiz Kudos
-
- Ratings
hide this ad
Replay
Link that replays current quiz
Next Quiz
Link to next quiz in quiz playlist
You Got
0%
They Got
Avg Score
38%
Avg Friend Score
Upgrade to see
Score Distribution
Jump to the score distribution portion of the page
Score
0/100
Timer
05:00
0
Plays Today
% Correct
1
90.1%
3
89.9%
2
89.8%
4
89.3%
6
89.3%
7
89.3%
5
89.2%
8
89.1%
9
89.1%
0
86.8%
Pitcher
83%
1st Base
80.1%
2nd Base
80%
3rd Base
79.7%
Catcher
79.5%
Washington
79.3%
Washington
77.2%
Shortstop
75.1%
Maine
73.4%
Left Field
73%
Right Field
72.8%
Montana
71.5%
New York
69.6%
Center Field
69.5%
North Dakota
69.5%
Argentina
68.7%
Minnesota
65.1%
Vermont
63.7%
Idaho
62.8%
Paraguay
61.5%
New Hampshire
60.1%
Peru
60%
John Adams
59.3%
Uruguay
59.2%
% Correct
John Quincy Adams
58.1%
James Madison
55.9%
John F. Kennedy
54.7%
Colombia
54.1%
Oregon
52.6%
Venezuela
52%
Bolivia
50.9%
James Monroe
50.8%
Designated Hitter
50.4%
Alaska
50.1%
UCLA
44.7%
Suriname
43.9%
James Carter
43.4%
Guyana
41.3%
USC
40.6%
UC-Berkeley
39.3%
James Polk
38.6%
Noble gas
36.6%
Arizona
35.8%
Oregon State
34.1%
James Buchanan
33.8%
Washington State
33%
Stanford
32.3%
James Garfield
32.3%
Arizona State
30%
John Tyler
27%
Halogen
22.3%
France (French Guiana)
20.9%
Los Angeles Galaxy
20.4%
D.C. United
11%
Alkali Metal
9.9%
Transition Metal
9.4%
New England Revolution
9.3%
Alkaline Earth Metal
7.6%
% Correct
Columbus Crew
7.6%
Lanthanide
7.1%
Barney Frank
6.8%
Other Nonmetal
6.6%
Metalloid
6.6%
NY/NJ MetroStars
6.2%
Actinide
6%
Kansas City Wiz
4.4%
Colorado Rapids
2.9%
Dallas Burn
2.8%
Tampa Bay Mutiny
2.7%
Ed Markey
2.1%
Hillsborough County
1.3%
Coos County
1.3%
Merrimack County
1.2%
Rockingham County
1.2%
Niki Tsongas
1.1%
Carroll County
1%
Mike Capuano
0.9%
Belknap County
0.9%
Grafton County
0.9%
John F. Tierney
0.8%
John Olver
0.7%
Stephen Lynch
0.7%
Cheshire County
0.7%
San Jose Clash
0.7%
Stratford County
0.7%
Richard Neal
0.6%
Bill Delahunt
0.6%
Sullivan County
0.6%
Poor Metal
0.6%
Jim McGovern
0.5%
Quiz Playlist
Details
Report
Send in Message
Add To Playlist
Classic:
Type in answers that appear in a list
Last Updated: Feb 16, 2017
Quiz Scoreboard
CHALLENGE
Sign Up to Join the Scoreboard
Show All
Scores
Hide
Comments
May contain spoilers
Recently Published
Billboard Blitz: Fleetwood Mac
by CooCooCachoo
Music
15s
Presidents Visiting Landmarks
by Hejman
History
7m
An Introduction to Baseball
by treessimontrees
Sports
5m
More to Explore
Quiz From the Vault
Featured Blog Post
Where Did the Easter Bunny Come From?
hide this ad
You Might Also Like...
Tags
Famous Quiz
Twosome
Today's Top Quizzes in Just For Fun
Browse Just For Fun
hide this ad
Today's Top Quizzes in Famous
Browse Famous
Top Contributed Quizzes in Just For Fun
1
Killer Double Trees 224 - Colour Match-Up
2
Crossword Whiteout! 49
3
Spring Typing Challenge
4
Zeroing In: Just For Fun
5
Harry Potter Logic - 'In Chains' II
6
Kyle's 122nd Triple Trees
7
Word Ladder: Ahoy Matey
8
Survivor Winners Logic Puzzle
9
Word Ladder: Wilderness Weapon
10
Edinburgh Fringe jokes 2015
Explore More
Trending Topics
Disney
Anime
NBA
Harry Potter
Marvel
Crossword
Kpop
Country
Puzzle
NFL
WWE
Soccer
The Office
Pokémon
Song
hide this ad
More By:
Jman14
Quiz
Plays
Rating
Category
Featured
Created
American Football Scoring
294,902
3.42
Sports
Sep 26, 2009
Famous Tensomes
1,491
2.00
Just For Fun
Nov 23, 2009
Ways to stop the clock in hockey
1,385
3.27
Sports
Nov 23, 2009
Ways to score a run in baseball
1,245
3.17
Sports
Oct 11, 2009
U.S. Largest Congressional Districts
843
5.00
Geography
Nov 28, 2009
Go to Creator's Profile
Score Distribution
Quiz Creator Spotlight
Jman14
Follow
Send a Message
Quizzes Created
-
Created Quiz Play Count
-
More By This Creator
Popular Quizzes Today
1
Find the US States - No Outlines Minefield
2
Find the Countries of Europe - No Outlines Minefield
3
The Countries of the World
4
Find the US States
5
Risky Map Clicking: Biggest States A-Z
6
US States
7
Popular People in 1961
8
Movies - When Are They Set?
More Just For Fun Quizzes
Get the Picture: Heroes of Middle-earth
Published
Trending Quizzes
Risky Map Clicking: Least Populous States A-Z
1-10 Letter G Words
1-10 Letter F Words
Risky Map Clicking: Next State Alphabetically
Risky Map Clicking: Biggest States A-Z
Recently Updated
Leaping Animals
pecheneg
Reality TV Shows (A-Z)
bhenderson79
Rickey Henderson's Hall of Fame Teammates
pecheneg
Champions League XIs: Arsenal
pecheneg
Quick Pick: Celebrities in WWE's Hall of Fame
aduchscher
A-Z Keypad Blitz II
pecheneg
Multiple Oscar Actors
pecheneg
Mystery Phrase Blitz: Oscar 'Best Actors'
pecheneg
F. Scott Fitzgerald Novels
LTH
Pick 3 Villains
ddd62291
Trending Topics
Harry Potter
Anime
NBA
Marvel
Crossword
Kpop
Disney
Pokémon
Soccer
WWE
The Office
Puzzle
NFL
Country
Song
Your Account Isn't Verified!
In order to create a playlist on Sporcle, you need to verify the email address you used during registration. Go to your
Sporcle Settings
to finish the process.
Report this User
Report this user for behavior that violates our
Community Guidelines
.
Details:
Send Report
Go to the Sporcle.com Mobile Site →
Comments